Le journal et l'actualite : comment sommes-nous informés, du quotidien au jorunal télévisé? /
保存先:
| 第一著者: | |
|---|---|
| フォーマット: | 図書 |
| 言語: | フランス語 |
| 出版事項: |
Verviers, Bélgica :
Gérard,
1967, c1967
|
| シリーズ: | (Marabout Université ;
133) |
| 主題: | |
| タグ: |
タグなし, このレコードへの初めてのタグを付けませんか!
|
MARC
| LEADER | 00000nam^a2200000^a^4500 | ||
|---|---|---|---|
| 001 | 000260870 | ||
| 005 | 20250521000000.0 | ||
| 009 | 20260310110452.182 | ||
| 037 | |a Acervo Xavier Clavigero | ||
| 041 | |a FRA | ||
| 082 | |a 302. 231 |b CLA | ||
| 100 | |a Clausse, Roger |e (autor) | ||
| 245 | 1 | 3 | |a Le journal et l'actualite : |b comment sommes-nous informés, du quotidien au jorunal télévisé? / |c R. Clausse. |
| 264 | 4 | |a Verviers, Bélgica : |b Gérard, |c 1967, c1967 | |
| 300 | |a 299 p. | ||
| 336 | |a texto |b txt |2 rdacontenido | ||
| 337 | |a sin mediación |b n |2 rdamedio | ||
| 338 | |a volumen |b nc |2 rdasoporte | ||
| 440 | 1 | |a (Marabout Université ; |v 133) | |
| 649 | |a XX | ||
| 650 | |a Periodismo Televisivo | ||
| 650 | |a Fotoperiodismo | ||
| 650 | |a Periodismo - |x Tema Principal | ||
| 650 | |a Prensa | ||
| 650 | |a Producción de la Comunicación | ||
| 650 | |a Proceso de Comunicación | ||
| 650 | |a Libertad de Información | ||
| 650 | |a Derecho a la Información | ||
| 650 | |a Agencias de Información | ||
| 650 | |a Industria Editorial | ||
| 650 | |a Medios de Comunicación | ||
| 650 | |a Comunicación Masiva | ||
| 910 | |a Fondo General | ||
| 920 | |a Impresos - Libros | ||
| 930 | |a Colección General | ||
| 905 | |a 101 | ||
| 901 | |a 067390 |b IT1 |c ACC |u 20250521 | ||
| 902 | |a https://opac.biblio.iteso.mx/vufind/Record/000260870 | ||